000 00648nam a2200193 i 4500
001 59746
003 ES-MaACL
007 t|
008 031030s1982 sp ||||1| spa d
110 2 _aEquipo de Gabinete de Pedagogía (Madrid)
_93487
245 1 3 _aEl fenómeno de las drogas /
_cEquipo de Gabinete de Pedagogía ; C. Alvarez Vara...[et al.].
260 _a[Madrid] :
_bEscuela Española,
_c[1982]
300 _a213 p. ;
_c18 cm.
490 1 _aEducación y sociedad
700 0 _aAlvarez Vara, Carlos
_920990
830 0 _aEducación y sociedad
_9230532
852 _aES-MaACL
_jL-3979
_bR.104400
999 _c59746
_d59746